| 000 | 01289nam a2200241 a 4500 | ||
|---|---|---|---|
| 005 | 20200104041603.0 | ||
| 008 | 140127b2006 ck ||||| |||| 00| 0 spa d | ||
| 040 | _cCO-BoIH | ||
| 041 | _aspa | ||
| 044 | _ack | ||
| 090 |
_aIAVH _b00695 |
||
| 100 |
_aDiavanera Tovar, Andrés _95302 |
||
| 245 |
_aPlan de manejo de la trucha (Oncorhynchus mykiss y Salmo trutta) en el Parque Nacional Chingaza _blineamientos para el manejo de la especie exótica invasora |
||
| 260 |
_aBogotá _bInstituto Alexander von Humboldt _c2006 |
||
| 300 | _a44 p. | ||
| 520 | _aSe analizan el impacto de la trucha arcoiris Oncorhynchus mykiss en los ecosistemas del PNN Chingaza y las estrategias de manejo adaptativo en el Parque. Se estudian los efectos deseados del control, lineamientos sobre la erradicación y sobre estrategias de control. Se ofrece un diagnóstico de la problemática y se dan algunas opciones de manejo dentro de las cuales se contemplan la disminución de densidades y la limitación de la distribución. | ||
| 650 |
_aPlanes de manejo ambiental _928988 |
||
| 650 |
_aManejo de especies invasoras _95303 |
||
| 650 |
_aInvasiones biológicas _985 |
||
| 650 |
_aImpacto ambiental _992215 |
||
| 662 |
_aColombia _cParque Nacional Natural Chingaza _bCundinamarca |
||
| 942 |
_cINFORME _2z _03 |
||
| 999 |
_c5869 _d5869 |
||